000 00621nam a22001937a 4500
005 20250103164120.0
010 _aENG-143188
020 _a9788179662960
_c120.00
035 _aEN-126720
035 _aEN-126720
037 _bDBAD
082 _a306.879
100 _aMohan, N. Raj
_975843
245 _aAdolescent ZOne Enter With Caution:
_bA Dialogue with Parents/
_cby N. Raj Mohan
260 _aChennai
_bEmerald Publishers
_c2011
270 _a15A, First Floor, Case Major Road, Egmore,
_bChennai
_e600008
_k91-44-28193206
300 _a156p.:
_c21cm. (pb)
942 _2ddc
_cEN
_h306.879
_mMOH
999 _c208039
_d208039